Phương pháp phân tích luật viết
Giới thiệu luật viết, hoạt động phân tích luật viết và phương pháp phân tích luật viết. Trình bày các khả năng áp dụng những phương pháp phân tích luật viết trong nghiên cứu và thực hiện pháp luật ở Việt Nam...
Đã lưu trong:
| 主要作者: | |
|---|---|
| 格式: | 圖書 |
| 語言: | Undetermined |
| 出版: |
Hà Nội
Chính trị Quốc gia Sự thật
2020
|
| 主題: | |
| 標簽: |
添加標簽
沒有標簽, 成為第一個標記此記錄!
|
| Thư viện lưu trữ: | Trung tâm Học liệu Trường Đại học Cần Thơ |
|---|
| LEADER | 00911nam a2200205Ia 4500 | ||
|---|---|---|---|
| 001 | CTU_238852 | ||
| 008 | 210402s9999 xx 000 0 und d | ||
| 020 | |c 77000 | ||
| 082 | |a 340.1 | ||
| 082 | |b Đ305 | ||
| 100 | |a Nguyễn, Ngọc Điện | ||
| 245 | 0 | |a Phương pháp phân tích luật viết | |
| 245 | 0 | |c Nguyễn Ngọc Điện | |
| 260 | |a Hà Nội | ||
| 260 | |b Chính trị Quốc gia Sự thật | ||
| 260 | |c 2020 | ||
| 520 | |a Giới thiệu luật viết, hoạt động phân tích luật viết và phương pháp phân tích luật viết. Trình bày các khả năng áp dụng những phương pháp phân tích luật viết trong nghiên cứu và thực hiện pháp luật ở Việt Nam | ||
| 650 | |a Luật,Law | ||
| 910 | |b nthai | ||
| 980 | |a Trung tâm Học liệu Trường Đại học Cần Thơ | ||